MARC details
| 000 -CABECERA |
| campo de control de longitud fija |
01099nam a2200241 a 4500 |
| 001 - NÚMERO DE CONTROL |
| campo de control |
000035364 |
| 003 - IDENTIFICADOR DEL NÚMERO DE CONTROL |
| campo de control |
DO-SdBNP |
| 005 - FECHA Y HORA DE LA ÚLTIMA TRANSACCIÓN |
| campo de control |
20231109112657.0 |
| 008 - DATOS DE LONGITUD FIJA--INFORMACIÓN GENERAL |
| campo de control de longitud fija |
111028s1945 cu 000 0 spa d |
| 040 ## - FUENTE DE LA CATALOGACIÓN |
| Centro catalogador/agencia de origen |
DO-SdBNP |
| Lengua de catalogación |
spa |
| Centro/agencia transcriptor |
BNPHU |
| 082 #4 - NÚMERO DE LA CLASIFICACIÓN DECIMAL DEWEY |
| Número de edición |
22 |
| 100 1# - ENTRADA PRINCIPAL--NOMBRE DE PERSONA |
| Nombre de persona |
Arredondo, Alberto, |
| Fechas asociadas al nombre |
1912-1968 |
| 9 (RLIN) |
47366 |
| 245 10 - MENCIÓN DE TÍTULO |
| Título |
Cuba : |
| Resto del título |
tierra indefensa / |
| Mención de responsabilidad, etc. |
Alberto Arredondo ; prólogo de Ramiro Guerra. |
| 260 ## - PUBLICACIÓN, DISTRIBUCIÓN, ETC. |
| Lugar de publicación, distribución, etc. |
La Habana : |
| Nombre del editor, distribuidor, etc. |
Lex, |
| Fecha de publicación, distribución, etc. |
1945. |
| 300 ## - DESCRIPCIÓN FÍSICA |
| Extensión |
500 p. ; |
| Dimensiones |
24 cm. |
| 500 ## - NOTA GENERAL |
| Nota general |
En la portada: La tierra, los bancos, la moneda, el régimen de la propiedad, el desenvolvimiento de la agricultura, los factores humanos de la producción y las causas y efectos de los movimientos revolucionarios, en la historia económica de Cuba, desde 1492 hasta 1933. |
| 504 ## - NOTA DE BIBLIOGRAFÍA, ETC. |
| Nota de bibliografía, etc. |
Índice de autores y obras consultadas: p. 493-500 |
| 590 ## - NOTA LOCAL (RLIN) |
| Nota local |
Perteneció a la biblioteca personal de Juan Isidro Jimenes Grullón |
| 650 24 - PUNTO DE ACCESO ADICIONAL DE MATERIA--TÉRMINO DE MATERIA |
| Término de materia o nombre geográfico como elemento de entrada |
Agricultura |
| Subdivisión general |
Condiciones económicas |
| Subdivisión geográfica |
Cuba |
| 9 (RLIN) |
61163 |
| 651 #4 - PUNTO DE ACCESO ADICIONAL DE MATERIA--NOMBRE GEOGRÁFICO |
| Nombre geográfico |
Cuba |
| Subdivisión general |
Condiciones económicas |
| 9 (RLIN) |
18921 |
| 700 1# - PUNTO DE ACCESO ADICIONAL--NOMBRE DE PERSONA |
| Nombre de persona |
Guerra, Ramiro, |
| Fechas asociadas al nombre |
1880-1970 |
| Término indicativo de función/relación |
pról. |
| 9 (RLIN) |
61164 |
| 942 ## - ELEMENTOS DE PUNTO DE ACCESO ADICIONAL (KOHA) |
| Fuente del sistema de clasificación o colocación |
Dewey Decimal Classification |
| Tipo de ítem Koha |
Libro |